TRADE, investment and the environment : Proceedings of the Royal Institute of International Affairs conference, Chatham House, London, October 1998

Bibliographic Details
Corporate Author: The Royal Institute of International Affairs
Other Authors: Brack, Ward
Format: Book
Published: London : Earthscan Pub. , 2000
Series:Trade and environment series
Subjects:

MARC

LEADER 00000cam a2200000 7i4500
001 0000000568
005 20000908.0
020 0 0 |a 1853836281 
090 0 0 |a 382.162   |b TRA 2000 
245 0 0 |a TRADE, investment and the environment :   |b Proceedings of the Royal Institute of International Affairs conference, Chatham House, London, October 1998   |c edited by Halina Ward and Duncan Brack 
260 0 0 |a London :   |b Earthscan Pub. ,   |c 2000 
300 |a xxxviii, 298 p. ;   |c 21 cm. 
440 0 0 |a Trade and environment series 
500 0 0 |a Includes index 
650 0 0 |a Commerce   |x Environmental aspects 
650 0 0 |a Environmental policy 
650 0 0 |a Foreign trade regulation   |x Environmental aspects 
650 0 0 |a International trade   |x Environmental aspects   |x Congresses 
650 0 0 |a Investments   |x Environmental aspects 
700 0 1 |a Brack   |h Duncan 
700 0 1 |a Ward   |h Halina 
710 1 1 |a The Royal Institute of International Affairs 
999 |a 0000001663   |b Monograph   |c Open Shelf   |e Default branch